| 000 | 00443nam a2200145Ia 4500 | ||
|---|---|---|---|
| 008 | 210430s9999 xx 000 0 und d | ||
| 020 | _a8131711528 | ||
| 082 | _a670 B 885 I | ||
| 100 |
_aR Gregg Bruce, William K. Dalton, Richard R. Kibbe _9127761 |
||
| 245 |
_aModern Materials and Manufacturing Processes / _cR.Gregg Bruce |
||
| 250 | _a3rd edition | ||
| 260 |
_aNew Delhi _bPearson Education _c2007 |
||
| 300 | _a468 p | ||
| 942 |
_cBK _2ddc |
||
| 999 |
_c564899 _d564899 |
||